Stati per aspettativa di vita - Africa - Statistics

Statistiche generali
  • Questo quiz è stato fatto 23 volte
  • Il punteggio medio è 7 su 10
Statistiche sulle risposte
Aspettativa di vita alla nascita (anni) Nazione % Corretto
76,38 Algeria
100%
70,22 Egitto
100%
71,91 Libia
100%
74,04 Marocco
100%
73,77 Tunisia
87%
67,09 Senegal
67%
73,68 Mauritius
53%
74,05 Capo Verde
47%
73,40 Seychelles
47%
67,59 São Tomé e Príncipe
40%
Nessun quiz corrispondente trovato
Distribuzione punteggi
Percentuale di utenti per punteggio
Percentile per numero di risposta
I tuoi punteggi nel tempo
Non hai fatto questo quiz